000 00593nam a2200181Ia 4500
003 GCL
008 140319s9999 xx 000 0 ara d
040 _aGCL /
_cGCL
082 0 4 _aد
_b050
_bد هـ
245 1 0 _aالهلال اكتوبر 1996 : احمد بهاءالدين
260 _aالقاهرة :
_bدار الهلال للطباعة والنشر ،
_c1996
650 0 4 _aالشعر العربى
650 0 4 _aالعادات والتقاليد
650 0 4 _aالثقافة العربية
650 0 4 _aمصر - تاريخ
650 0 4 _aاحمد بهاءالدين
942 _2ddc
_cCR
999 _c6724
_d6724